书目信息 |
| 书名: | The dialogues of plato | |
| 作者: | Erich Segal. | |
| 分册号: | ||
| 分册名: | 出版地: | New York : |
|
| 出版社: | Bantam Books | |
| 出版时间: | 1986. | |
| 页数: | 342 p. ; | |
| 开本: | 19cm. | |
| 丛书名: | ||
| 中图分类号: | ||
| 科图分类号: | ||
| 其他分类号: | B502.232 | |
| 主题词: | ||
| 电子资源: | ||
| 000 | 00395nam 2200145 a 4500 | |
| 001 | E0260555462 | |
| 005 | 2002052216491442 | |
| 008 | 020522s1986 00010 eng | |
| 020 | @a0-553-21371-7. :@cRMB 20.00. | |
| 040 | @aPFT@beng | |
| 090 | @aB502.232 | |
| 099 | @dB502.232@eS454 | |
| 245 | @aThe dialogues of plato / @cErich Segal. | |
| 260 | @aNew York :@bBantam Books,@c1986. | |
| 300 | @a342 p. ;@c19cm. | |
| The dialogues of plato / / Erich Segal.-New York : : Bantam Books, , 1986. |
| 342 p. ; ; 19cm. |
| ISBN 0-553-21371-7. :RMB 20.00. |
| ● |
| 相关链接 |
|
|
|
正题名:The dialogues of plato
索取号:B502.232/S454
 
预约/预借
| 序号 | 登录号 | 条形码 | 馆藏地/架位号 | 状态 | 备注 |
| 1 | 03979 | 300039795 | 社科库509/509社科库 129排1列1层/ [索取号:B502.232/S454] | 在馆 | |
| 2 | 03980 | 300039802 | 社科库509/509社科库 129排1列1层/ [索取号:B502.232/S454] | 在馆 |